बोलगप्पे / (Record no. 113659)

MARC details
000 -LEADER
fixed length control field 01077nam a22002657a 4500
005 - DATE AND TIME OF LATEST TRANSACTION
control field 20170124102956.0
010 ## - LIBRARY OF CONGRESS CONTROL NUMBER
LC control number B-068540
020 ## - INTERNATIONAL STANDARD BOOK NUMBER
Terms of availability 120.00
International Standard Book Number 8171829635
035 ## - SYSTEM CONTROL NUMBER
System control number B-068540
037 ## - SOURCE OF ACQUISITION
Source of stock number/acquisition Cen Lib/Ret
040 ## - CATALOGING SOURCE
Original cataloging agency DPL
Language of cataloging HN
082 ## - DEWEY DECIMAL CLASSIFICATION NUMBER
Classification number 821
Item number अशोक
100 ## - MAIN ENTRY--PERSONAL NAME
Personal name अशोक चक्रधर
9 (RLIN) 210
245 ## - TITLE STATEMENT
Title बोलगप्पे /
Statement of responsibility, etc अशोक चक्रधर
246 ## - VARYING FORM OF TITLE
Title proper/short title Bolgappe
Remainder of title by Ashok Chakardhar
260 ## - PUBLICATION, DISTRIBUTION, ETC. (IMPRINT)
Place of publication, distribution, etc नई दिल्ली
Name of publisher, distributor, etc डायमंड पब्लिकेशन
Date of publication, distribution, etc 2002
270 ## - ADDRESS
Address एक्स -30,ओखला इंडस्ट्रियल एरिया फेज -2
City नई दिल्ली
Postal code 110020
300 ## - PHYSICAL DESCRIPTION
Extent 160पृष्ठ. :
Dimensions 21सेमी(सजिल्द)
Other physical details चित्र.
650 ## - SUBJECT ADDED ENTRY--TOPICAL TERM
Topical term or geographic name as entry element हिंदी साहित्य
9 (RLIN) 53277
650 ## - SUBJECT ADDED ENTRY--TOPICAL TERM
Topical term or geographic name as entry element हिंदी कविता -हास्य
9 (RLIN) 5559
650 ## - SUBJECT ADDED ENTRY--TOPICAL TERM
Topical term or geographic name as entry element Hindi Literature
9 (RLIN) 53278
650 ## - SUBJECT ADDED ENTRY--TOPICAL TERM
Topical term or geographic name as entry element Hindi poetry Comedy
9 (RLIN) 53279
700 ## - ADDED ENTRY--PERSONAL NAME
9 (RLIN) 53253
942 ## - ADDED ENTRY ELEMENTS (KOHA)
Source of classification or shelving scheme Dewey Decimal Classification
Koha item type Hindi Books
Classification part 821
Call number suffix अशोक
Holdings
Withdrawn status Lost status Damaged status Not for loan Home library Current library Date acquired Source of acquisition Cost, normal purchase price Total Checkouts Full call number Barcode Date last seen Copy number Cost, replacement price Price effective from Koha item type
        Central Library Central Library 13/08/2015 Cen Lib/Ret 120.00   821 अशोक B-068540 13/08/2015 1 120.00 13/08/2015 Hindi Books

© Delhi Public Library
Hit Counter
free hit counter